Golden State Warriors All-Time Roster - Statistics

General Stats
  • This quiz has been taken 1,125 times
  • The average score is 7 of 12
Answer Stats
Post Player % Correct
PG Stephen Curry
100%
BN Klay Thompson
98%
C Wilt Chamberlain
94%
BN Draymond Green
93%
SF Rick Barry
79%
SG Chris Mullin
73%
BN Tim Hardaway
49%
PF Nate Thurmond
47%
BN Paul Arizin
32%
BN Latrell Sprewell
17%
BN Neil Johnston
10%
BN Tom Gola
4%
No matching quizzes found
Score Distribution
Percent of People with Each Score
Percentile by Number Answered
Your Score History
You have not taken this quiz